| Tag |
First Indicator |
Second Indicator |
Subfields |
| LEADER |
00000cgm a22000003i 4500 |
| 001 |
in00003751139 |
| 006 |
m|||||o||c|||||||| |
| 007 |
cr |n||||||||a |
| 007 |
vz |za|z| |
| 008 |
150818s2001 txu028 e |o vleng d |
| 005 |
20260324202321.8 |
| 035 |
|
|
|a (OCoLC)929482140
|
| 035 |
|
|
|a ASP2812717/ebap
|
| 040 |
|
|
|a VaAlASP
|b eng
|e rda
|c VaAlASP
|d UtOrBLW
|
| 043 |
|
|
|a n-us---
|
| 050 |
|
4 |
|a E178.1
|b S537 2001
|
| 245 |
0 |
0 |
|a Shaping America :
|b U. S. history to 1877.
|n Lesson 21,
|p The union collapses /
|c producer/director, Julia Dyer.
|
| 246 |
1 |
0 |
|a Union collapses
|
| 264 |
|
1 |
|a Dallas, TX :
|b Dallas County Community College District,
|c 2001.
|
| 300 |
|
|
|a 1 online resource (28 minutes)
|
| 306 |
|
|
|a 002825
|
| 336 |
|
|
|a two-dimensional moving image
|b tdi
|2 rdacontent
|
| 337 |
|
|
|a computer
|b c
|2 rdamedia
|
| 337 |
|
|
|a video
|b v
|2 rdamedia
|
| 338 |
|
|
|a online resource
|b cr
|2 rdacarrier
|
| 338 |
|
|
|a other
|b vz
|2 rdacarrier
|
| 347 |
|
|
|a data file
|2 rda
|
| 500 |
|
|
|a Title from resource description page (viewed August 18, 2015).
|
| 520 |
|
|
|a The Union Collapses examines the emergence of Abraham Lincoln, the raid on Harper's Ferry, the election of 1860, the decision of secession, and the Supreme Court's ruling that slaves were property.
|
| 546 |
|
|
|a In English.
|
| 600 |
1 |
0 |
|a Lincoln, Abraham,
|d 1809-1865.
|0 http://id.loc.gov/authorities/names/n79006779
|
| 650 |
|
0 |
|a Secession
|z Southern States.
|0 http://id.loc.gov/authorities/subjects/sh94003150
|
| 650 |
|
0 |
|a Slavery
|z United States
|x History.
|0 http://id.loc.gov/authorities/subjects/sh85123330
|
| 651 |
|
0 |
|a United States
|x History
|y Civil War, 1861-1865
|x Causes.
|0 http://id.loc.gov/authorities/subjects/sh85140219
|
| 655 |
|
7 |
|a Internet videos.
|2 lcgft
|0 http://id.loc.gov/authorities/genreForms/gf2011026337
|
| 655 |
|
7 |
|a Educational films.
|2 lcgft
|0 http://id.loc.gov/authorities/genreForms/gf2011026219
|
| 700 |
1 |
|
|a Dyer, Julia,
|e producer,
|e director.
|0 http://id.loc.gov/authorities/names/no2001068357
|
| 710 |
2 |
|
|a Dallas TeleLearning (Firm),
|e production company.
|0 http://id.loc.gov/authorities/names/no2003039706
|
| 856 |
4 |
0 |
|u http://proxy.library.tamu.edu/login?url=https://www.aspresolver.com/aspresolver.asp?EBAP;2812717
|z Connect to this streaming video (Alexander Street Press)
|t 0
|
| 999 |
f |
f |
|s 4e0a49aa-4cf2-393e-b9a2-a3c0cb790984
|i 16d7faec-1d2f-36c6-a189-aef71ce85997
|t 0
|
| 952 |
f |
f |
|a Texas A&M University
|b College Station
|c Electronic Resources
|s www_evans
|d Available Online
|t 0
|e E178.1 S537 2001
|h Library of Congress classification
|
| 998 |
f |
f |
|a E178.1 S537 2001
|t 0
|l Available Online
|